MALÁ VYHLIADKOVÁ LOĎ PRE 20 CESTUJÚCICH S MOŽNOSŤOU SOLÁRNEHO POHONU (.) [CD-ROM] : Bakalárska práca

Enregistré dans:
Détails bibliographiques
Auteur principal: Belianský, Michal, 1986- (Auteur)
Autres auteurs: Patek, Peter, 1950- (xxx)
Format: Manuscrit Livre
Langue:slovaque
Publié: Bratislava : STU v Bratislave SjF, 2008
Sujets:
Tags: Ajouter un tag
Pas de tags, Soyez le premier à ajouter un tag!

MARC

LEADER 00000ntm a22000003a 4500
001 stu181527
005 20150617225603.5
008 090313s2008----xo------------------slo-d
040 |a STU  |b slo 
041 0 |a slo 
044 |a xo 
100 1 |a Belianský, Michal,  |d 1986-  |4 aut  |u J0030  |9 100  |U SjF Strojnícka fakulta  |T SjF Ústav dopravnej techniky a konštruovania  |X 27231  |U J0030  |Y 806  |7 A000027231 
245 1 |a MALÁ VYHLIADKOVÁ LOĎ PRE 20 CESTUJÚCICH S MOŽNOSŤOU SOLÁRNEHO POHONU (.) [CD-ROM] :  |b Bakalárska práca 
260 |a Bratislava :  |b STU v Bratislave SjF,  |c 2008 
650 7 |a vyhliadková loď  |2 stusub 
650 7 |a solárny pohon  |2 stusub 
700 1 |a Patek, Peter,  |d 1950-  |4 xxx  |u J0030  |U SjF Strojnícka fakulta  |T SjF Ústav dopravnej techniky a konštruovania  |X 2413  |U J0030  |Y 806  |7 A000002413 
996 |b 284J035299  |c J*299/BP  |l JJSK  |s A  |a 24  |w stu181527_0001